000 00683nam a2200265Ia 4500
003 OSt
005 20221007102533.0
006 a|||||r|||| 00| 0
007 ta
008 221006b |||||||| |||| 00| 0 eng d
020 _a0397471629
024 _a10,611
037 _cReference Collections
040 _aLCO
_cLCO
_beng
041 _2eng
_aeng
082 _aY11:45, K9
100 _aCavan R.S.
_9704628
245 0 _aJuvenile Delinquency
250 _a2nd
260 _aNew
_bYork J. B. Lippincott USA
_c1969
300 _a514
650 _aJUVENILE DELIQUENCY
942 _hY11:45, K9
_cREF
999 _c1180174
_d1180174